| 000 | 00590 a2200181 4500 | ||
|---|---|---|---|
| 003 | OSt | ||
| 005 | 20230826111536.0 | ||
| 008 | 230826b |||||||| |||| 00| 0 eng d | ||
| 020 | _a9789332587281 | ||
| 040 | _coclc | ||
| 082 |
_a658.45 _bCHA/A |
||
| 100 |
_aChaturvedi, P D _99363 |
||
| 245 |
_aTHE ART AND SCIENCE OF BUSINESS COMMUNICATION _bskills, concepts, cases, and applications / _cP D Chaturvedi, Mukesh Chaturvedi. |
||
| 250 | _a4th ed. | ||
| 260 |
_aChennai: _bPearson, _c2023. |
||
| 300 | _a431 pages | ||
| 942 |
_2ddc _cBK _h658.45 _iCHA/A _k658.45 _mCHA/A |
||
| 999 |
_c41998 _d41998 |
||